000 00290nam a2200121Ia 4500
008 220204s9999 xx 000 0 und d
082 _a82-3
_bGOS
100 _aGosch, Martin A
245 4 _aThe Luciano testament
260 _aLondon
_bPan
_c1976
700 _aHammer, Richard
942 _cBK
999 _c28541
_d28541